000 00575nam a2200205Ia 4500
005 20250508165536.0
008 008 250505s9999 xx 000 0 eng d
020 _a978-93-85288-66-1
037 _aTextual
040 _aFEDL
_beng
_cFEDL
041 _aeng
_2eng
084 _a294.509, DON
_qFEDL
100 _aDoniger Wendy
245 0 _aHindus: An alternative history
260 _aNew Delhi, India
_bSpeaking Tiger Publishing Pvt. Ltd.
_c2015
300 _a779p.
365 _aINR
_b799
942 _cTEXL
_h294.509, DON
999 _c1395760
_d1395760